Handbook of biomedical imaging (Record no. 41319)

000 -LEADER
fixed length control field 00740nam a2200241 i 4500
001 - CONTROL NUMBER
control field 41319
003 - CONTROL NUMBER IDENTIFIER
control field BD-DhUET
008 - FIXED-LENGTH DATA ELEMENTS--GENERAL INFORMATION
fixed length control field 800207s1980 gw a b 100 0 eng
020 ## - INTERNATIONAL STANDARD BOOK NUMBER
International Standard Book Number 9780387097480
040 ## - CATALOGING SOURCE
Original cataloging agency DLC
Transcribing agency DLC
Modifying agency BD-DhUET
082 00 - DEWEY DECIMAL CLASSIFICATION NUMBER
Classification number 616.075402
Item number PAR/2015
100 ## - MAIN ENTRY--PERSONAL NAME
Personal name Paragios, Nikos
245 00 - TITLE STATEMENT
Title Handbook of biomedical imaging
Remainder of title methodologies and clinical research
250 ## - EDITION STATEMENT
Edition statement 1st ed.
260 ## - PUBLICATION, DISTRIBUTION, ETC. (IMPRINT)
Place of publication, distribution, etc. New York
Name of publisher, distributor, etc. Springer Science+Business Media
Date of publication, distribution, etc. 2015
300 ## - PHYSICAL DESCRIPTION
Extent vii, 511 p.
504 ## - BIBLIOGRAPHY, ETC. NOTE
Bibliography, etc Includes bibliographies
650 #0 - SUBJECT ADDED ENTRY--TOPICAL TERM
Topical term or geographic name as entry element Diagnostic imaging-Digital techniques-Handbooks, manuals,etc.
650 #0 - SUBJECT ADDED ENTRY--TOPICAL TERM
Topical term or geographic name as entry element Image processing-Handbooks, manuals, etc.
700 ## - ADDED ENTRY--PERSONAL NAME
Personal name Duncan, James
700 ## - ADDED ENTRY--PERSONAL NAME
Personal name Ayache, Nicholas
942 ## - ADDED ENTRY ELEMENTS (KOHA)
Koha item type Edited Book
Holdings
Koha item type Copy number Location (home branch) Date acquired Koha full call number Source of classification or shelving scheme Price effective from Lost status Sublocation or collection (holding branch) Koha normalized classification for sorting Piece designation (barcode) Not for loan Koha date last seen Withdrawn status Damaged status Shelving location
Edited Book1Central Library, BUET2018-06-23616.075402/PAR/2015 2018-07-09 Central Library, BUET616_075402000000000_PAR_2015116311 2018-07-09  Reference section
Edited Book2Central Library, BUET2018-06-23616.075402/PAR/2015 2018-07-09 Central Library, BUET616_075402000000000_PAR_2015116312 2018-07-09  Reference section